000 00599nam a22001697a 4500
999 _c61489
_d61489
005 20240319150234.0
008 240319s1971 ru ||||| |||| 00| 0 rus d
041 _arus
080 _a902.01 X-15
100 _aХазанов, А. М.
_921472
245 _aОчерки военного дела сарматов /
_cА.М. Хазанов.
264 _aМ.:
_bНаука,
_c1971.
300 _a172 с. ;
_b26 см.
653 _aნარკვევები სარმატის სამხედრო საკითხებზე
653 _aისტორია
942 _2udc
_cBK